000 00735nam a22002297a 4500
999 _c3239
_d3239
001 3239
003 BD-JhCC
005 20171113185043.0
008 171111s1970 bg |||| |||| 001 0 ben d
035 _a(BD-JhCC)3239
040 _aBD-JhCC
_dBD-JhCC
041 _aben
082 _a297
_bMUH 1970
100 _aমুহাম্মদ, কাজী দীন
245 _aমানব জীবন /
_cকাজী দীন মুহাম্মদ
260 _aঢাকা :
_bসোসাইটি ফর পাকিস্তান স্টাডিজ,
_c১৯৭০.
300 _a১৮০ পৃ. :
_c২২ সেমি.
504 _aIndex present
650 _aIslam for Life
942 _2ddc
_cBK